MARC

LEADER 00000nam0a2200000 4500
001 38777
005 20251229170201.0
035 |a (RuTPU)RU\TPU\book\39606 
090 |a 38777 
100 |a 20020318d1962 m y0rusy50 ca 
101 0 |a rus 
102 |a RU 
105 |a a j 001zy 
200 1 |a Общая геология  |e учебник  |f Г. П. Горшков, А. Ф. Якушова 
205 |a 2-е изд. 
210 |a Москва  |c Изд-во Московского университета  |d 1962 
215 |a 565 с.  |c ил. 
320 |a Библиогр.: с. 538-547 
320 |a Предм. указ. с. 552-562 
606 |a Геология общая  |9 89097 
610 1 |a земная поверхность 
610 1 |a земная вода 
610 1 |a землетрясения 
610 1 |a магматизм 
610 1 |a учебники 
675 |a 55  |v 3 
700 1 |a Горшков  |b Г. П.  |g Георгий Петрович 
701 1 |a Якушова  |b А. Ф.  |g Александра Федоровна 
801 1 |a RU  |b 63413507  |c 20020318  |g PSBO 
801 2 |a RU  |b 63413507  |c 20210604  |g PSBO 
942 |c BK